Регионална библиотека "Любен Каравелов" - Русе

Как да си дресираш дракон (Запис номер 51758)

MARC детайли
000 -Лидер
Контролно поле с фиксирана дължина 01714nam a2200385 c 4500
003 - Код на организацията, давaща контролен номер
Контролно поле BLK
005 - Дата и час на последна редакция
Контролно поле 20250705131652.0
008 - Елементи от данни с фиксирана дължина
fixed length control field 180408b bul|||||r ||||||| ||bul||
010 ## - Наследен системен номер
LC control number KNG00055673000
020 ## - Международен стандартен номер на книга ISBN
Международен стандартен номер на книга ISBN 978-954-529-808-0
-- издат.: Колибри
040 ## - Източник на каталожния запис
Идентификатор на билиотеката - собственик на записа BLK
041 ## - Код за език
Код за езика на текст/звукозапис или на отделно заглавие Български
Код за езика КДБФ Български
072 #7 - Код за тематичната категория
Код организация bullib
Код за тематична категория Н85
Текст Детска художествена литература Н
080 ## - УДК
Текстов определител УДК Английска литература
УДК код - определител по УДК 821.111
УДК определител -93-31
УДК - код + определител 821.111-93-31
139 ## - Редно поле
Редна дума Коуел, Кресида
Авторски знак Кот - К 87
245 10 - Сведения за заглавието
Заглавие Как да си дресираш дракон
Подзаглавни данни От Хълцук Кръвожадни Херингски ІІІ
Редно поле (дума) текст Кресида Коуел; ил. Кресида Коуел; прев. Мария Вичева Донева.
257 ## - Страна на издаване
Страна на създаване/издаване Великобритания
260 ## - Област на издателските данни
-- София
Име на издателя, разпространителя и проч. Колибри
Година на издаване 2010
Печатница София : Симолини
300 ## - Физическа характеристика
Страници 227 с.
Илюстрации и др. с ил.
Размери/Мащаб 20 см
380 ## - Жанр
Жанр Детска худож. лит.
500 ## - Общи забележки
Забележка Ориг. загл. How to Train Your Dragon / Cressida Cowell. - Имената на авт., ил., прев. отбелязани на гърба на предзагл. с.
653 ## - Ключова дума – ненормативна
Ключова дума романи
653 ## - Ключова дума – ненормативна
Ключова дума литература за деца
653 ## - Ключова дума – ненормативна
Ключова дума детска литература
659 ## - Тематичен бюлетин
Тематичен бюлетин Н
700 1# - Други автори (авторска отговорност)
Лично име Коуел, Кресида
Автороска отговорност (Описва отношението между автора и произведението) текст
9 (RLIN) 284018
700 1# - Други автори (авторска отговорност)
Лично име Коуел, Кресида
Автороска отговорност (Описва отношението между автора и произведението) ил.
9 (RLIN) 368656
700 1# - Други автори (авторска отговорност)
Лично име Донева, Мария Вичева
Автороска отговорност (Описва отношението между автора и произведението) прев.
9 (RLIN) 368657
852 ## - Местоположение
Форматна сигнатура Цб 254321
856 4# - Електронен адрес и достъп
Електронен формат pdf - файл
Път до файла /url/
856 4# - Електронен адрес и достъп
Електронен формат pdf - файл
Път до файла /url/
942 ## - АРТИКУЛИ
Вид на библиотечния материал Книги
Скрит в OPAC Не
Koha issues (borrowed), all copies 20
944 ## - СЪЗДАВАНЕ И РЕДАКЦИЯ на ЗАПИСА
Създаване/Редакция Създаване
Дата на регистрацията/редакция 09.01.2012
Статус, дата на статуса Цветелина Шанова
Служител, извършил регистрацията/редакцията 30531
944 ## - СЪЗДАВАНЕ И РЕДАКЦИЯ на ЗАПИСА
Създаване/Редакция Редакция
Дата на регистрацията/редакция 30.12.2015
Статус, дата на статуса ф /
Служител, извършил регистрацията/редакцията Людмила_Стоянова
999 ## - СИСТЕМНИ КОНТРОЛНИ НОМЕРА
Koha biblionumber 51758
Koha biblioitemnumber 51758
Наличности
Код за отписване Код за изгубен артикул Код за повреда Коз за рестрикции Код за отдаване Артикулен № Име на библиотеката - собственик Име на библиотеката, в която се намира в момента Статус (Текущо местоположение) Дата на вписване в системата Местоположение - отдел Цена в лева Инвентарен номер Систематично азбучна сигнатура Баркод Номер на екземпляра Цена в евро Служебна бележка Служебен тип на артикула
  Не е изгубен Не е повреден без рестрикции заемане за дома 81560 Регионална библиотека "Любен Каравелов" Русе Регионална библиотека "Любен Каравелов" Русе Детски отдел 2011-12-19 Детски отдел 10.00 120000755963 ДХ 820/899/К 87 120000755963 1 5.11 Дост: Pk Вид: Ф N: 291 Дата: 15.12.2011 Книги
  Не е изгубен Не е повреден без рестрикции ползва се в читалня 81561 Регионална библиотека "Любен Каравелов" Русе Регионална библиотека "Любен Каравелов" Русе Хранилище 2012-10-10 Хранилище 10.00 120000760242 Цб 254321 120000760242 2 5.11 Дост: Dp Вид: Д N: 33 Дата: 15.08.2011 Книги
  Не е изгубен Не е повреден без рестрикции заемане за дома 81562 Регионална библиотека "Любен Каравелов" Русе Регионална библиотека "Любен Каравелов" Русе Детски отдел 2015-12-18 Детски отдел 10.00 120000796032 ДХ 820/899/К 87 120000796032 3 5.11 Дост: Pk Вид: Ф N: 448 Дата: 14.12.2015 Книги
  Не е изгубен Не е повреден без рестрикции заемане за дома 81563 Регионална библиотека "Любен Каравелов" Русе Регионална библиотека "Любен Каравелов" Русе Детски отдел 2015-12-18 Детски отдел 10.00 120000796033 ДХ 820/899/К 87 120000796033 4 5.11 Дост: Pk Вид: Ф N: 448 Дата: 14.12.2015 Книги
Vip Innovations Ltd, Rousse, Bulgaria 2025